书目信息 |
| 题名: |
绘画的故事
|
|
| 作者: | 贝克特 著 ;李尧 译 | |
| 分册: | ||
| 出版信息: | 北京 生活·读书·新知三联书店 2015.7 |
|
| 页数: | 404页 | |
| 开本: | 24cm | |
| 丛书名: | ||
| 单 册: | ||
| 中图分类: | J209.1 | |
| 科图分类: | ||
| 主题词: | 绘画史--西方国家--通俗读物 | |
| 电子资源: | ||
| ISBN: | 978-7-108-05343-5 | |
| 000 | 01173nam0 2200313 45 | |
| 001 | 012001001231 | |
| 005 | 20211020100048.02 | |
| 010 | @a978-7-108-05343-5@b精装@dCNY118.00 | |
| 099 | @aCAL 012015113872 | |
| 100 | @a20150808d2015 em y0chiy0110 ea | |
| 101 | 1 | @achi@ceng |
| 102 | @aCN@b110000 | |
| 105 | @aac z 001yy | |
| 106 | @ar | |
| 200 | 1 | @a绘画的故事@Ahui hua de gu shi@f(英) 温迪·贝克特著@g李尧译 |
| 205 | @a修订版 | |
| 210 | @a北京@c生活·读书·新知三联书店@d2015.7 | |
| 215 | @a404页@c彩图, 肖像@d24cm | |
| 300 | @a封面题名:温迪嬷嬷讲述绘画的故事 | |
| 320 | @a有索引 | |
| 330 | @a这是一本讲述西方绘画史、图文并茂的文化书,是普及绘画知识的入门读物。全书概览早期绘画后,深入阐述乔托已降每一位西方大画家的创作,四百五十多件旷世杰作的彩图细数西方绘画发祥至今的潮流、演变与辉煌,另设边栏提示相关背景。 | |
| 333 | @a适用于艺术院校师生、艺术美学研究人员、绘画爱好者及评论人员。 | |
| 512 | @a温迪嬷嬷讲述绘画的故事 | |
| 606 | 0 | @a绘画史@y西方国家@j通俗读物 |
| 690 | @aJ209.1@v5 | |
| 701 | 1 | @a贝克特@Abei ke te@g(Beckett, Wendy)@4著 |
| 702 | 0 | @a李尧@Ali yao@4译 |
| 801 | @aCN@b江苏凤凰@c20211018 | |
| 905 | @b1342700-2@dJ209.1@e1315=2@f3 | |
| 绘画的故事/(英) 温迪·贝克特著/李尧译.-修订版.-北京:生活·读书·新知三联书店,2015.7 |
| 404页:彩图, 肖像;24cm |
| 封面题名:温迪嬷嬷讲述绘画的故事.-使用对象:适用于艺术院校师生、艺术美学研究人员、绘画爱好者及评论人员。.-←封面题名:温迪嬷嬷讲述绘画的故事 |
| ISBN 978-7-108-05343-5(精装):CNY118.00 |
| 这是一本讲述西方绘画史、图文并茂的文化书,是普及绘画知识的入门读物。全书概览早期绘画后,深入阐述乔托已降每一位西方大画家的创作,四百五十多件旷世杰作的彩图细数西方绘画发祥至今的潮流、演变与辉煌,另设边栏提示相关背景。 |
| ● |
| 相关链接 |
|
|
|
|
正题名:绘画的故事
索取号:J209.1/1315=2
 
预约/预借
| 序号 | 登录号 | 条形码 | 馆藏地/架位号 | 状态 | 备注 |
| 1 | 1342700 | 213427004 | 第一样本阅览室/ [索取号:J209.1/1315=2] | 在馆 | |
| 2 | 1342701 | 213427013 | 第一借阅区/ [索取号:J209.1/1315=2] | 在馆 | |
| 3 | 1342702 | 213427022 | 第一借阅区/ [索取号:J209.1/1315=2] | 在馆 |